OWOCE - Statystyki

Ogólne statystyki
  • Ten quiz został rozwiązany 100 razy
  • Średni wynik to 28 z 39
Statystyki odpowiedzi
Odpowiedź % Poprawnych
banan
96%
pomarańcza
96%
jabłko
95%
brzoskwinia
94%
truskawka
93%
cytryna
92%
gruszka
92%
arbuz
90%
borówka
89%
jagoda
89%
mandarynka
89%
śliwka
88%
ananas
87%
kiwi
86%
wiśnia
86%
czereśnia
83%
winogrono
83%
agrest
81%
porzeczka
81%
jeżyna
80%
mango
77%
limonka
72%
morela
71%
melon
70%
grejpfrut
69%
pomelo
67%
liczi
66%
nektarynka
66%
figa
63%
granat
59%
papaja
59%
poziomka
59%
kokos
53%
aronia
52%
marakuja
52%
żurawina
37%
pigwa
34%
mirabelka
25%
khaki
10%
Nie znaleziono quizów pasujących do podanych kryteriów
Rozkład punktacji
Procent ludzi z każdym wynikiem
Percentyl według liczby udzielonych odpowiedzi
Twoja historia wyników
Nie rozwiązałeś tego quizu